01021nas a2200265 4500001001000000003000900010005001700019007000300036008003400039040005400073041000900127072000800136100002000144100002000164100001800184100001600202245012300218650001000341650001700351773015500368909004000523942001800563999001900581952015500600BR0801794BR-BrBNA20231205111805.0ta230509b bl.|||p| |||| 00| 00por d aBR-BrBNAbporcBiblioteca Nacional de Agricultura a(Pt) aM121 aPádua, D.M.C.1 aTavares, L.H.S.1 aPádua, J.T.1 aSilva, P.C.1 aEstudo de uma série de tanques de alvenaria como modelo para condução de experimentos com organismos aquáticos aPEIXE aPISCICULTURA0 tAnais da Escola de Agronomia e Veterinária - Universidade Federal de Goiás (Brazil)xISSN 0100-218X g(Jul-Dec 1997), V. 27(2) p. 75-83wBR0801794 a202311bLúciac55dLúcia Elande 2AGRISn0cANA c194503d194503 002AGRIS4071a41918b41918cPeriódicos Agrícolash(Jul-Dec 1997), V. 27(2) p. 75-83l0r2023-11-29t01yCRePortaria Interministerial nº 164/94